000 00643nam a2200193 i 4500
001 85893
003 ES-MaACL
005 20230906175330.0
007 t|
008 041202s1946 xxk ||||1| eng d
100 1 _aKeeton, George W.
_967720
245 1 0 _aMaking international law work /
_cby George W. Keeton and Georg Schwarzanberger.
250 _a2nd ed.
260 _aLondon :
_bStevens and Sons,
_c1946 (
_fThe Baynard Press)
300 _aX, 266 p. ;
_c22 cm.
500 _aPublished under the auspices of the London Institute of World Affaires.
700 1 _aSchwarzenberger, Georg.
_9104890
852 _aES-MaACL
_jC-4376
_bR.24147
999 _c85893
_d85893